| 000 | 00843nam a2200265Ia 4500 | ||
|---|---|---|---|
| 003 | OSt | ||
| 005 | 20220925204014.0 | ||
| 006 | a|||||r|||| 00| 0 | ||
| 007 | ta | ||
| 008 | 220923b |||||||| |||| 00| 0 eng d | ||
| 020 | _a0813017815 | ||
| 037 | _cGeneral Book | ||
| 040 |
_aRTL _cRTL _beng |
||
| 041 |
_2eng _aeng |
||
| 082 | _aY73(Q7).49G.P, P0 | ||
| 100 |
_aGilmartin David _9104336 |
||
| 245 | 0 |
_aBeyond Turk and Hindu _b Rethinking Religious Identities in Islamicate South Asia |
|
| 260 |
_aGainesville _bUniversity Press of Florida _c2000 |
||
| 300 |
_ax;354p _ccm. |
||
| 500 | _aGlossary: P 339-344 | ||
| 650 |
_aEntnology Muslims _9267566 |
||
| 700 |
_a Lawrence Bruce B Ed. _9142264 |
||
| 942 |
_hY73(Q7).49G.P, P0 _cGB _2CC |
||
| 999 |
_c548353 _d548353 |
||